Zgadnij piłkarza po transferach - Poziom łatwy - Statystyki

Ogólne statystyki
  • Ten quiz został rozwiązany 179 razy
  • Średni wynik to 9 z 15
Statystyki odpowiedzi
Hint Odpowiedź % Poprawnych
Sporting - Manchester United - Real Madryt - Juventus - Manchester United - Al Nassr Cristiano Ronaldo
98%
Lech Poznań - Borussia Dortmund - Bayern Monachium - FC Barcelona Robert Lewandowski
93%
FC Barcelona - PSG - Inter Miami Lionel Messi
91%
Santos - FC Barcelona - PSG - Al Hilal - Santos Neymar
91%
Santos - New York Cosmos - Koniec kariery Pele
61%
Tottenham - Leyton Orient - Tottenham - Milwall - Tottenham - Norwich - Tottenham - Leicester - Tottenham - Bayern Monachium Harry Kane
56%
Monaco - PSG - Monaco - PSG - Real Madryt Kylian Mbappe
54%
Gremio - PSG - FC Barcelona - Milan - Flamengo - Atletico Mineiro - Queretaro - Fluminense - Koniec Kariery Ronaldinho
53%
Olympique Marsylia - Real Madryt - Al Ittihad Karim Benzema
51%
Bryne - Molde - RB Salzburg - Borussia Dortmund - Manchester City Erling Haaland
50%
Malmo - Ajax - Juventus - Inter - FC Barcelona - Milan - FC Barcelona - Milan - PSG - Manchester United - LA Galaxy - Milan - Koniec kariery Zlatan Ibrahimović
49%
Malaga - Real Madryt - Sevilla - Real Betis Isco
41%
Vitoria Guimaraes - Sporting - Stade Rennais - Leeds - FC Barcelona Raphinha
38%
Hamburg - Leverkusen - Tottenham - LAFC Heung Min Son
34%
Sporting - FC Barcelona - Real Madryt - Inter - Koniec kariery Ronaldo Nazario
19%
Nie znaleziono quizów pasujących do podanych kryteriów
Rozkład punktacji
Procent ludzi z każdym wynikiem
Percentyl według liczby udzielonych odpowiedzi
Twoja historia wyników
Nie rozwiązałeś tego quizu